Statistics for Great Big Pub Quiz

Click here to take the quiz!

General Stats

  • This quiz has been taken 63 times
  • The average score is 15 of 25

Answer Stats

HintAnswer% Correct
Which year did World War I begin?1914
100%
Who was the first man to walk on the moon?Neil Armstrong
96%
Music

Which band has albums titled "Revolver" and "Yellow Submarine"
The Beatles
96%
Who was the longest reigning UK monarch?Queen Elizabeth II
91%
What is the nationality of popstar Justin Bieber?Canadian
89%
General Knowledge

Which is the chemical symbol for silver?
Ag
82%
History

Which Scottish-born inventor created the telephone?
Alexander Graham Bell
82%
Who directed "Kill Bill" and "Pulp Fiction"Quentin Tarantino
79%
Michael Scott is a character in which popular sitcom?The Office
79%
Sasha Fierce is the alter ego of which popstar?Beyonce
77%
Stevie Nicks was a member of which rock band?Fleetwood Mac
70%
Which grunge band where originally called Skid Row?Nirvana
61%
Who was the second ever US President?John Adams
59%
What decade was The Great Gatsby published?1920s
57%
What is the French word for love?Amour
57%
What year was Google founded?1998
55%
Which author wrote the Game of Thrones book series?George RR Martin
55%
The Wormwood family feature in what book by Roald Dahl?Matilda
50%
Who is the richest female musician on the planet?Rihanna
50%
Film & TV

George Clooney got his start on which long-running medical drama?
ER
48%
Which dynasty ruled Russia from the 17th century until 1917?Romanov
41%
The movie Clueless was based on which novel by Jane Austen?Emma
36%
Literature

Which fantasty author wrote the A Court of Thorns and Roses series?
Sarah J Maas.
11%
Which film franchise is the highest-grossing of all time?Marvel Cinematic Universe
9%
What is the most expensive TV show ever made?The Lord of the Rings: Rings of Power
4%

Score Distribution

Percentile by Number Answered

Percent of People with Each Score

Your Score History

You have not taken this quiz